Deľba rozhodovacej právomoci vnútri koncernu

Aktuálnym problémom skúmania organizačných štruktúr sú otázky deľby rozhodovacej právomoci vnútri podniku. Vývoj organizácie veľkých podnikov - koncernov. Súčasné formy organizácie koncernov. Typy koncernových centrál. Úlohy a veľkosť koncernovej centrály.

Na minha lista:
Detalhes bibliográficos
Autor principal: Satková, Blanka
Formato: Capítulo de Livro
Idioma:eslovaco
Assuntos:
Tags: Adicionar Tag
Sem tags, seja o primeiro a adicionar uma tag!

MARC

LEADER 00000naa a2200000 4500
001 r017496
005 20221205101549.9
041 0 |a slo 
044 |a SK 
245 1 0 |a Deľba rozhodovacej právomoci vnútri koncernu  |c Blanka Satková 
520 |a Aktuálnym problémom skúmania organizačných štruktúr sú otázky deľby rozhodovacej právomoci vnútri podniku. Vývoj organizácie veľkých podnikov - koncernov. Súčasné formy organizácie koncernov. Typy koncernových centrál. Úlohy a veľkosť koncernovej centrály. 
610 2 0 |a riadenie podnikové 
610 2 0 |a štruktúra podniku organizačná 
610 2 0 |a delegovanie právomoci 
610 2 0 |a právomoc 
610 2 0 |a rozhodovanie 
610 2 0 |a koncerny 
100 1 |a Satková, Blanka